| 000 | 00913nac a22002531u 4500 | ||
|---|---|---|---|
| 010 | _a011982206 | ||
| 020 | _a0702011576 (pbk) | ||
| 082 |
_a612.75 _bJ7741 |
||
| 090 |
_c3445 _d3445 |
||
| 100 | _aJoseph, J. (Jack) | ||
| 245 |
_ahuman osteology. : _bFormerly Aids To Asteology / _cBy J. Joseph, |
||
| 250 |
_a7th ed., _brev. |
||
| 260 |
_aLondon : _b768;e Tindall,C.1986. _bBaillier& _cC. 1986. |
||
| 300 |
_a203p. : _bill. ; _c 19cm. |
||
| 500 | _aDonations. | ||
| 500 | _aDonations - Bibliotheca Alexandrina. | ||
| 500 |
_a768;e, Tindall & Cox, 1963. _aPrevious ed.: published as Aids to osteology. London : Baillier& |
||
| 504 | _aIncludes index. | ||
| 650 | _aBones. | ||
| 650 | _aJoints. | ||
| 650 | _aMan Bones & joints . | ||
| 942 |
_cBB _k612.75 J7741 |
||
| 999 |
_c3445 _d3445 |
||